Finincial aServices and Marketing Analysis (Record no. 21792)

MARC details
000 -LEADER
fixed length control field 00345nam a22001337a 4500
008 - FIXED-LENGTH DATA ELEMENTS--GENERAL INFORMATION
fixed length control field 260121b |||||||| |||| 00| 0 eng d
100 ## - MAIN ENTRY--AUTHOR NAME
Personal name Riya pandita
245 ## - TITLE STATEMENT
Title Finincial aServices and Marketing Analysis
250 ## - EDITION STATEMENT
Edition statement 2022
260 ## - PUBLICATION, DISTRIBUTION, ETC. (IMPRINT)
Place of publication Hari singh Street ,Srinagar
Name of publisher HDFC
Year of publication 2022
300 ## - PHYSICAL DESCRIPTION
Number of Pages 40
942 ## - ADDED ENTRY ELEMENTS (KOHA)
Source of classification or shelving scheme Dewey Decimal Classification
Koha item type Thesis
Holdings
Accession Number Price effective from Koha item type Withdrawn / writtenoff status Materials specified (bound volume or other part) Damaged status Not for loan Permanent Location Current Location Shelving location Date acquired Lost/ Missing status department
IR/BBA/048/22 01/21/2026 Thesis   Print   Not For Loan MIET Library, Jammu MIET Library, Jammu Rack 1/5 01/21/2026   BBA